000 00505nam a22001817a 4500
005 20200317104326.0
008 200317b xxu||||| |||| 00| 0 eng d
020 _a9788123916354
041 _aeng
082 _a615.1
100 _aGUPTA ,ASHOK ,K
_95227
245 _aPHARMACEUTICS -1 GENERAL AND DISPENSING PHARMACY FOR B.PHARMA STUDENT
_cASHOK K GUPTA
250 _a1 'ST
260 _aNEW DELHI
_bCBS PUBLISHERS AND DISTRIBUTORS
_c2019
300 _a310 P.
650 _aPHARMCY
_95226
942 _cBK
999 _c6118
_d6116